Movies Quiz

Random Movies Quiz

David Bowie Movies Quiz Stats

 Plays Quiz not verified by Sporcle

Challenge
Share
Tweet
Embed
Score 0/22 Timer 07:00
0 Plays Today
Year Movie Title % Correct
1986Labyrinth
91.8%
1976The Man Who Fell to Earth
76.5%
2006The Prestige
69.8%
2001Zoolander
61.2%
1988The Last Temptation of Christ
58.8%
1983Merry Christmas, Mr. Lawrence
47.5%
1983The Hunger
42.7%
1996Basquiat
42.7%
1986Absolute Beginners
32.9%
1991Twin Peaks: Fire Walk with Me
30.2%
1978Just a Gigolo
23.1%
Year Movie Title % Correct
1991The Linguini Incident
22.7%
1985Into the Night
17.3%
2000Mr. Rice's Secret
16.5%
1981Christiane F. – We Children from Bahnhof Zoo
14.9%
1983Yellowbeard
14.9%
2007Arthur and the Invisibles
14.9%
2009Bandslam
12.9%
2008August
12.9%
1999Everybody Loves Sunshine
11.8%
1998Gunslinger's Revenge
11%
1969The Virgin Soldiers
10.6%

You're not logged in!

Compare scores with friends on all Sporcle quizzes.
OR
Log In

You Might Also Like...

Show Comments

Extras

Created Jan 11, 2016SourceReportNominate
Tags:David Bowie

Top Quizzes Today


Score Distribution

Your Account Isn't Verified!

In order to create a playlist on Sporcle, you need to verify the email address you used during registration. Go to your Sporcle Settings to finish the process.

Report this User

Report this user for behavior that violates our Community Guidelines.

Details: